Top 15 der betroffenen Covid-19-Länder - 16. Mai - Statistiken

Allgemein
  • Dieses Quiz wurde 26 mal gespielt
  • Das Durchschnittsergebnis liegt bei 16 aus 24
Antwortstatistiken
Land % Korrekt
Brasilien
100%
Spanien
100%
Vereinigte Staaten
100%
Frankreich
95%
Russland
95%
China
91%
Deutschland
91%
Italien
91%
Vereinigtes Königreich
91%
Kanada
86%
Schweden
82%
Indien
77%
Schweiz
73%
Türkei
73%
Portugal
68%
Belgien
64%
Iran
64%
Irland
64%
Peru
36%
Katar
27%
Weißrussland
23%
Singapur
18%
Bahrain
14%
Kuwait
9%
Keine übereinstimmenden Quizze gefunden
Verteilung der Resultate
Anzahl Personen mit jedem Resultat
Perzentil nach korrekt beantworteten Fragen
Ihre Resultats-Entwicklung
Sie haben dieses Quiz noch nicht gespielt